DJs - Country of Origin - Statistics

General Stats
  • This quiz has been taken 53 times
  • The average score is 6 of 12
Answer Stats
Artist Answer % Correct
David Guetta France
100%
Avicii Sweden
93%
Daft Punk France
92%
Marshmello United States
88%
Robin Schulz Germany
87%
Benny Benassi Italy
79%
Tiësto Netherlands
75%
Skrillex United States
75%
Armin van Buuren Netherlands
71%
Calvin Harris United Kingdom
67%
Martin Garrix Netherlands
62%
Steve Aoki United States
62%
Kraftwerk Germany
60%
Deadmau5 Canada
57%
Lost Frequencies Belgium
55%
DJ Snake France
47%
Moby United States
46%
Eric Prydz Sweden
44%
Fatboy Slim United Kingdom
44%
Kygo Norway
40%
Robert Miles Italy
38%
Eiffel 65 Italy
33%
Timmy Trumpet Australia
30%
Paul van Dyk Germany
30%
Zedd Russia
27%
Alan Walker Norway
25%
Junkie XL Netherlands
20%
Fedde Le Grand Netherlands
20%
Diplo United States
20%
Galantis Sweden
15%
Yves Larock Switzerland
10%
Alison Wonderland Australia
0%
Mr. Oizo France
0%
Loco Dice Germany
0%
No matching quizzes found
Score Distribution
Percent of People with Each Score
Percentile by Number Answered
Your Score History
You have not taken this quiz